| 000 | 01214nam a2200337 i 4500 | ||
|---|---|---|---|
| 001 | 11780 | ||
| 003 | KOSZ 005 | ||
| 005 | 20240405063008.0 | ||
| 008 | 071102s1968 pl a g 010 0 pol | ||
| 015 | _aPB 1968/8296 | ||
| 040 |
_aWA N _cWA N _dKOSZ 005/RW _dKOSZ 005/HR |
||
| 046 | _k1968 | ||
| 080 | _a001(438) | ||
| 245 | 0 | 0 |
_aDwudziestolecie nauki polskiej na Pomorzu Szczecińskim 1946-1966 : _bpraca zbiorowa / _cpod red. Leona Babińskiego i Henryka Lesińskiego ; Szczecińskie Towarzystwo Naukowe. |
| 260 |
_aSzczecin ; _aPoznań : _bPaństwowe Wydawnictwo Naukowe, _c1968. |
||
| 300 |
_a511, [1] s. : _bil. ; _c25 cm. |
||
| 380 | _aKsiążki | ||
| 388 | _a1901-2000 | ||
| 388 | _a1945-1989 | ||
| 651 | 4 | _aPomorze Zachodnie | |
| 658 | _aNauka i badania | ||
| 658 | _aHistoria | ||
| 648 | 4 | _a1901-2000 | |
| 648 | 4 | _a1945-1989 | |
| 650 | 4 | _aNauka | |
| 700 | 1 |
_aBabiński, Leon _d(1891-1973) _eRedakcja |
|
| 700 | 1 |
_aLesiński, Henryk _d(1923-1994) _eRedakcja |
|
| 710 | 2 |
_aPaństwowe Wydawnictwo Naukowe _4pbl. |
|
| 856 |
_uhttp://koha.tu.koszalin.pl/cgi-bin/koha/opac-detail.pl?biblionumber=11780 _yKatalog online BPK |
||
| 942 |
_2UKD _cKS |
||
| 999 |
_c11780 _d11780 |
||